| 000 | 00695nam a2200217Ia 4500 | ||
|---|---|---|---|
| 008 | 191130s2002##################000#0#eng## | ||
| 020 | _a9780470253199 | ||
| 022 | _a2002066160 | ||
| 040 |
_aACL _cACL |
||
| 082 | _a615.902 PAU | ||
| 245 |
_aHuman and ecological risk assessment : theory and practice _cedited by Dennis J. Paustenbach |
||
| 260 |
_aHoboken, NJ _bJ. Wiley _cc2002 |
||
| 300 | _axxix, 1556 p. : ill. ; 25 cm | ||
| 500 | _aIncludes bibliographical references and index | ||
| 650 | _aEcological risk assessment | ||
| 650 | _aHealth risk assessment | ||
| 700 | _aPaustenbach, Dennis J | ||
| 990 | _a690e21baac10000c55985dbec000313c | ||
| 991 | _a308914 | ||
| 999 |
_c208885 _d208885 |
||